Facultad de Filosofía y Educación

Tallennettuna:
Bibliografiset tiedot
Yhteisötekijä: Universidad Católica de Valparaíso (Tekijä)
Aineistotyyppi: Kirja
Kieli:espanja
Julkaistu: Valparaíso Ediciones Universitarias de Valparaíso 1980
Painos:1a. ed
Aiheet:
Tagit: Lisää tagi
Ei tageja, Lisää ensimmäinen tagi!

MARC

LEADER 00000nam a2200000 a 4500
001 UCJ7734
003 CL-VaPUC
008 070124e19800000CL |||||||||||||||||spa|d
082 0 4 |a 378  |b UNI  |2 21 
110 2 |a Universidad Católica de Valparaíso  |e author  |9 516191 
245 1 0 |a Facultad de Filosofía y Educación 
250 |a 1a. ed 
942 |c BK 
945 |d 20070124 00:00:00  |a rinostro 
260 |a Valparaíso  |b Ediciones Universitarias de Valparaíso  |c 1980 
650 7 |a HISTORIA UCV  |2 CL-VaPUC  |9 516192 
650 0 |a Archivo histórico PUCV  |9 255554 
650 0 |a Universidades chilenas  |9 407335 
583 |a last modification  |c 20070124 00:00:00  |k Rodrigo Vera 
999 |c 323692  |d 323690 
952 |0 0  |1 0  |4 0  |6 378_000000000000000_UNI_1980  |7 0  |8 X  |9 403466  |a FDOBUD  |b FDOBUD  |d 2019-11-22  |i 1068091  |o 378 UNI 1980  |p 1068091  |r 2019-11-22  |w 2019-11-22  |y BK_X  |k FHP